Statistics for Harry Potter Movies

Click here to take the quiz!

General Stats

  • This quiz has been taken 43 times
  • The average score is 6 of 8

Answer Stats

MovieAnswer% Correct
2.Harry Potter And The Chamber Of Secrets
93%
4.Harry Potter And The Goblet Of Fire
83%
1.Harry Potter And The Philosopher's Stone
83%
3.Harry Potter And The Prisoner Of Azkaban
79%
6.Harry Potter And The Half Blood Prince
76%
5.Harry Potter And The Order Of The Phoenix
69%
7.Harry Potter And The Deathly Hallows Part 1
52%
8Harry Potter And The Deathly Hallows Part 2
48%

Score Distribution

Percentile by Number Answered

Percent of People with Each Score

Your Score History

You have not taken this quiz